| 000 | 00798pam a2200277 a 4500 | ||
|---|---|---|---|
| 001 | 4816915 | ||
| 003 | OSt | ||
| 005 | 20240117083642.0 | ||
| 008 | 890608s1990 paua b 001 0 eng c | ||
| 010 | _a 89012512 | ||
| 020 | _a0812112350 | ||
| 040 |
_aDNLM/DLC _cDLC _dDLC |
||
| 050 | 0 | 0 |
_aRC681 _b.G39 1990 |
| 060 | _aWG 200 G289c | ||
| 082 | 0 | 0 |
_aWG200 G.258c 1990. _220 |
| 100 | 1 |
_aGazes, Peter C., _d1921- _916890 |
|
| 245 | 1 | 0 |
_aClinical cardiology / _cPeter C. Gazes. |
| 250 | _a3rd ed. | ||
| 260 |
_aPhiladelphia : _bLea & Febiger, _c1990. |
||
| 300 |
_axviii, 594 p. : _bill. ; _c27 cm. |
||
| 504 | _aIncludes bibliographies and index. | ||
| 650 | 0 |
_aCardiology. _93034 |
|
| 650 | 2 |
_aHeart Diseases. _94845 |
|
| 906 |
_a7 _bcbc _corignew _d1 _eocip _f19 _gy-gencatlg |
||
| 942 |
_2z _cO_SHELF |
||
| 999 |
_c8262 _d8262 |
||